|
|
|
|
| LEADER |
00000nam0a2200000 4500 |
| 001 |
115818 |
| 005 |
20231101215304.0 |
| 010 |
|
|
|a 5711001248
|
| 020 |
|
|
|a RU
|b 91-34260
|
| 035 |
|
|
|a (RuTPU)RU\TPU\book\125286
|
| 090 |
|
|
|a 115818
|
| 100 |
|
|
|a 20070515d1991 m y0rusy5003 ca
|
| 101 |
1 |
|
|a rus
|c eng
|
| 102 |
|
|
|a RU
|
| 105 |
|
|
|a y z 000ay
|
| 200 |
1 |
|
|a Молль Флендерс
|e Роман
|f Д. Дефо
|g пер. с англ. А. Франковский
|
| 210 |
|
|
|a Москва
|c Вся Москва
|d 1991
|
| 215 |
|
|
|a 319,[2] с.
|d 20 см
|
| 333 |
|
|
|a Исключено из фонда НТБ ТПУ
|
| 675 |
|
|
|a 82
|z rus
|v 3
|
| 700 |
|
1 |
|a Дефо
|b Д.
|c английский писатель
|f 1660-1731
|g Даниель
|2 stltpush
|3 (RuTPU)RU\TPU\pers\9276
|9 1831
|
| 702 |
|
1 |
|a Франковский
|b А.
|4 730
|
| 801 |
|
0 |
|a RU
|b RuMRKP
|c 19950417
|g psbo
|
| 801 |
|
1 |
|a RU
|b 63413507
|c 20070515
|g PSBO
|
| 801 |
|
2 |
|a RU
|b 63413507
|c 20210517
|g PSBO
|
| 942 |
|
|
|c BK
|